| 000 | 00373nam a22001577a 4500 | ||
|---|---|---|---|
| 003 | CEME | ||
| 005 | 20210628205408.0 | ||
| 008 | 210420b xxu||||| |||| 00| 0 eng d | ||
| 040 | _c. | ||
| 082 | _a671.7 SOD'F | ||
| 100 |
_aSoderbery, G. A _975337 |
||
| 245 | _aFinishing technology | ||
| 260 |
_aNEWYORK _bMCGRAW HILL _c1992 |
||
| 300 | _aXVIII, 308P | ||
| 942 |
_cBK _2ddc |
||
| 999 |
_c580772 _d580772 |
||